Sabidurías de Mesopotamia

Αποθηκεύτηκε σε:
Λεπτομέρειες βιβλιογραφικής εγγραφής
Κύριος συγγραφέας: Lévêque, Jean (autor)
Μορφή: Βιβλίο
Γλώσσα:Ισπανικά
Έκδοση: Pamplona Verbo Divino 1996
Σειρά:Documentos en torno a la Biblia, 26
Θέματα:
Ετικέτες: Προσθήκη ετικέτας
Δεν υπάρχουν, Καταχωρήστε ετικέτα πρώτοι!

MARC

LEADER 00000nam a2200000 a 4500
001 UCO8779
003 CL-VaPUC
008 010105e19960000SP |||||||||||||||||spa|d
082 0 4 |a 220.9  |b LEV  |2 21 
100 |a Lévêque, Jean  |e autor  |9 453668 
245 1 0 |a Sabidurías de Mesopotamia 
300 |a 131 p 
942 |c BK 
945 |d 20010105 00:00:00  |a cmena 
260 |a Pamplona  |b Verbo Divino  |c 1996 
650 0 |a Biblia  |9 257603 
650 0 |a Crítica e interpretación   |9 255042 
650 0 |a Profetas  |9 314377 
651 0 |a Mesopotamia  |9 314286 
583 |a last modification  |c 20170628 01:07:54  |k Rodrigo Vera 
490 0 |a Documentos en torno a la Biblia, 26 
999 |c 293246  |d 293244 
952 |0 0  |1 2  |4 0  |6 220_900000000000000_LEV_1996  |7 0  |8 A  |9 344681  |a BIBTEO  |b BIBTEO  |d 2019-11-20  |i 3679748  |o 220.9 LEV 1996  |p 3679748  |r 2019-11-20  |w 2019-11-20  |x Descarte 2019  |y BK  |k ICR